Catálogo colectivo de publicaciones periódicas existentes en bibliotecas científicas y técnicas argentinas.
Guardado en:
| Autor Corporativo: | |
|---|---|
| Otros Autores: | |
| Formato: | Libro |
| Idioma: | Spanish |
| Publicado: |
Buenos Aires :
Consejo Nacional de Investigaciones Científicas y Técnicas,
1962.
|
| Edición: | 2a. ed. del catálogo / |
| Materias: | |
| Etiquetas: |
Agregar Etiqueta
Sin Etiquetas, Sea el primero en etiquetar este registro!
|
| LEADER | 01629nam a22002415a 4500 | ||
|---|---|---|---|
| 001 | EEA.libagro010439 | ||
| 005 | 20150708094340.0 | ||
| 008 | 041125s1962####ag#######b####000#0#spa#d | ||
| 082 | 0 | 4 | |a 016.05 |
| 245 | 0 | 0 | |a Catálogo colectivo de publicaciones periódicas existentes en bibliotecas científicas y técnicas argentinas. |
| 250 | |a 2a. ed. del catálogo / |b organizado por la Sociedad Argentina de Bibliotecarios de Instituciones Sociales, Científicas, Artísticas y Tcnicas ; dirigido por Ernesto G. Gietz. | ||
| 260 | |a Buenos Aires : |b Consejo Nacional de Investigaciones Científicas y Técnicas, |c 1962. | ||
| 300 | |a 2 v. ; |c 28 cm. | ||
| 500 | |a "Título de la primera edición. 1942: Catálogo de publicaciones periódicas científicas y técnicas recibidas en las bibliotecas de las instituciones adheridas al Comité.". | ||
| 505 | 0 | |a v. 1. Prefacio -- Introducción -- Ordenamiento del catálogo e indicaciones para su uso -- Abreviaturas y símbolos más usados -- Cuerpo principal del catálogo. | |
| 505 | 0 | |a v. 2. Anexo al catálogo -- Índice geográfico de instituciones -- Nómina de bibliotecas cooperantes y sus siglas. | |
| 650 | 7 | |a Catálogos colectivos. |2 Telacibin | |
| 650 | 7 | |a Publicaciones periódicas. |2 unbist | |
| 651 | 7 | |a Argentina. |2 unbist | |
| 700 | 1 | |a Gietz, Ernesto Gustavo, |d 1899- |4 drt | |
| 710 | 2 | |a Sociedad Argentina de Bibliotecarios de Instituciones Sociales, Científicas, Artísticas y Técnicas. |4 edt. | |
| 710 | 2 | |a Consejo Nacional de Investigaciones Científicas y Técnicas (Argentina) |4 pbl. | |
| 859 | |a AR-BbBCA |b BIB. AGRONOMIA |h B016.05 |i C357 |p 1963/0046 | ||
